000 00630nam a2200217Ia 4500
003 OSt
005 20220926035343.0
006 a|||||r|||| 00| 0
007 ta
008 220923b |||||||| |||| 00| 0 eng d
037 _cGeneral Book
040 _aRTL
_cRTL
_beng
041 _2eng
_aeng
082 _aY0R37z7, J8
100 _aMyrdal Gunnar
245 0 _aValue in social theory
_b A selection of essays on
260 _c1958
490 _aInternational Library of Sociology & Social Reconstruction ed by W J H Sprott
942 _hY0R37z7, J8
_cGB
_2CC
999 _c661967
_d661967